000 00588nam a22002417a 4500
003 UA-OsUOA
001 83099
007 ta
008 20120330b un ||||| |||| 00| 0 ukr d
100 _aSaint-Pierre A.
090 _a82.111
942 _cBK
040 _aUA-OsUOA
_bfre
_cUA-OsUOA
_dUA-OsUOA
245 _aLa fille begue
300 _a202 с.
955 _a3
041 _afre
080 _a82.111
020 _a0-920944-17-17-5
260 _aOttava
_bSaint-Boniface
_c1982
650 7 _a82 Література. Літературознавство
_2UDC
999 _c369409
_d369409